000 01153nam a22003017i 4500
003 EG-GICUC
005 20260302142051.0
008 260217s1990 ua |||fr|||| 000 0 ara d
040 _a EG-GICUC
_bara
_c EG-GICUC
_d EG-GICUC
_erda
041 0 _aara
082 0 4 _221
_a341.762
_bع ب . م
092 0 4 _221
099 _aLaw1 11 341.762 ع ب . م 1990
100 0 _aعبد المعز عبد الغفار نجم
_eمؤلف.
245 1 2 _aالمكافحة الدولية لجرائم الاتجار غير المشروع بالمخدرات /
_c.تأليف عبد المعز عبد الغفار نجم
264 1 _a[مكان النشر غير محدد] :
_b[الناشر غير محدد],
_c1990.
300 _a62 صفحة ؛
_c24 سم
336 _2rda content
_atext
337 _2rda media
_aComputer
338 _2rda carrier
_aOnline Resource
504 _aيشتمل على إرجاعات ببيلوجرافية.
546 _aالنص باللغة العربية
650 1 4 _aقانون دولي
_2qrmak
651 1 _2qrmak
856 4 0 _uhttps://fll.law.cu.edu.eg/fulltext/bks/B11-08124.pdf
905 _a56
942 _2ddc
_cBK
_e21
_n0
999 _c63304
_d63304